Loading...
| Fine Arts - Auditory Fine Arts | 1 | 20.00 | 0% | 100% | 100% |
| Fine Arts - Other Fine Arts | 3 | 13.33 | 67% | 33% | 33% |
| Fine Arts - Visual Fine Arts | 3 | 13.33 | 67% | 67% | 0% |
| Geography - Geography | 1 | 20.00 | 0% | 100% | 100% |
| History - American History | 4 | 20.00 | 75% | 50% | 75% |
| History - European History | 3 | 20.00 | 67% | 67% | 67% |
| History - Other History | 1 | 20.00 | 100% | 100% | 0% |
| History - World History | 1 | 10.00 | 0% | 0% | 100% |
| Literature - American Literature | 5 | 16.00 | 20% | 80% | 60% |
| Literature - British Literature | 5 | 22.00 | 80% | 80% | 60% |
| Literature - European Literature | 3 | 20.00 | 0% | 100% | 100% |
| Literature - World Literature | 2 | 10.00 | 50% | 0% | 50% |
| Mythology - Mythology | 3 | 13.33 | 67% | 33% | 33% |
| Philosophy - Philosophy | 2 | 15.00 | 50% | 100% | 0% |
| Religion - Religion | 3 | 13.33 | 67% | 33% | 33% |
| Science - Biology | 1 | 20.00 | 100% | 0% | 100% |
| Science - Chemistry | 5 | 20.00 | 80% | 80% | 40% |
| Science - Other Science | 3 | 20.00 | 67% | 100% | 33% |
| Science - Physics | 2 | 15.00 | 50% | 50% | 50% |
| Social Science - Social Science | 1 | 0.00 | 0% | 0% | 0% |
| Trash - Trash | 2 | 15.00 | 50% | 0% | 100% |